[Event "Heraklion op 20th"]
[Site "Heraklion"]
[Date "2017.04.22"]
[Round "7"]
[White "Lampadariou, Nikolaos"]
[Black "Predeftakis, Georgios"]
[Result "1-0"]
[WhiteElo "1948"]
[BlackElo "1688"]
[PlyCount "63"]
[EventDate "2017.04.17"]
[EventType "swiss"]
[EventRounds "9"]
[EventCountry "GRE"]
[SourceTitle "CBM 177 Extra"]
[Source "ChessBase"]
[SourceDate "2017.04.27"]
[SourceVersion "1"]
[SourceVersionDate "2017.04.27"]
[SourceQuality "1"]

1. d4 Nf6 2. c4 e6 3. Nf3 b6 4. a3 d5 5. cxd5 exd5 6. Nc3 Be7 7. g3 0-0 8. Bg2 Bb7 9. 0-0 Nbd7 10. Bg5 Ne4 11. Bxe7 Qxe7 12. Rc1 c6 13. e3 Nd6 14. Nd2 f5 15. b4 b5 16. a4 a6 17. a5 Rf6 18. Re1 Ne4 19. Ncxe4 fxe4 20. Qb3 Qf7 21. Rf1 Rf8 22. f3 exf3 23. Nxf3 Qh5 24. e4 g5 25. exd5 cxd5 26. Rc7 g4 27. Nd2 Rxf1+ 28. Nxf1 Qf5 29. Rxb7 Nf6 30. Qe3 Ne4 31. Rc7 Nf2 32. Qe7 1-0

[Event "Heraklion Gazi op 12th"]
[Site "Malevizi"]
[Date "2016.08.02"]
[Round "6"]
[White "Lampadariou, Nikolaos"]
[Black "Serpetsidaki, Eva"]
[Result "0-1"]
[WhiteElo "1967"]
[BlackElo "1745"]
[PlyCount "78"]
[EventDate "2016.07.28"]
[EventType "swiss"]
[EventRounds "9"]
[EventCountry "GRE"]
[SourceTitle "CBM 173 Extra"]
[Source "ChessBase"]
[SourceDate "2016.08.29"]
[SourceVersion "1"]
[SourceVersionDate "2016.08.29"]
[SourceQuality "1"]

1. d4 d5 2. c4 e6 3. Nc3 Nf6 4. Nf3 c5 5. cxd5 Nxd5 6. e3 a6 7. Be2 cxd4 8. exd4 Bb4 9. Qb3 Nc6 10. 0-0 Na5 11. Qc2 b5 12. Ne4 Bb7 13. a3 Rc8 14. Nc5 Bxc5 15. dxc5 b4 16. Bd2 b3 17. Bxa5 bxc2 18. Bxd8 Kxd8 19. b4 a5 20. Ne5 Ke7 21. Bf3 axb4 22. axb4 Nxb4 23. Bxb7 Rxc5 24. f4 f6 25. Be4 fxe5 26. Ra7+ Kf6 27. fxe5+ Kxe5 28. Bxc2 Rxc2 29. Rxg7 Nd3 30. Rg5+ Ke4 31. Rg4+ Ke3 32. Rf3+ Kd2 33. h4 e5 34. Re4 Rhc8 35. g3 Rc1+ 36. Kh2 R8c2 37. Kh3 h5 38. g4 Nf4+ 39. Kg3 Rg1+ 0-1

[Event "Heraklion Gazi op 12th"]
[Site "Malevizi"]
[Date "2016.07.31"]
[Round "4"]
[White "Amiridou, Dimitra"]
[Black "Lampadariou, Nikolaos"]
[Result "0-1"]
[WhiteElo "1729"]
[BlackElo "1967"]
[PlyCount "60"]
[EventDate "2016.07.28"]
[EventType "swiss"]
[EventRounds "9"]
[EventCountry "GRE"]
[SourceTitle "CBM 173 Extra"]
[Source "ChessBase"]
[SourceDate "2016.08.29"]
[SourceVersion "1"]
[SourceVersionDate "2016.08.29"]
[SourceQuality "1"]

1. e4 c5 2. Nf3 d6 3. c3 Nf6 4. Bd3 e6 5. Bc2 Be7 6. d4 0-0 7. 0-0 Nc6 8. Nbd2 b6 9. e5 dxe5 10. dxe5 Nd5 11. Ne4 f5 12. exf6 Nxf6 13. Qe2 Qc7 14. Neg5 Nd8 15. Qd3 c4 16. Qd4 h6 17. Nh3 Nf7 18. Bf4 Qc5 19. Bg6 Bb7 20. Qd1 Nh8 21. Ne5 Rad8 22. Qe2 Rd5 23. Bc2 b5 24. Ng6 Nxg6 25. Qxe6+ Kh7 26. Rae1 Rd3 27. Bxd3 cxd3 28. Bd2 Bd6 29. Re3 Re8 30. Qf7 Bd5 0-1

[Event "Heraklion Gazi op 11th"]
[Site "Heraklion"]
[Date "2015.07.28"]
[Round "5"]
[White "Lampadariou, Nikolaos"]
[Black "Georgakopoulos, Nikolaos K"]
[Result "0-1"]
[WhiteElo "2001"]
[BlackElo "1786"]
[PlyCount "96"]
[EventDate "2015.07.25"]
[EventType "swiss"]
[EventRounds "9"]
[EventCountry "GRE"]
[SourceTitle "CBM 167 Extra"]
[Source "ChessBase"]
[SourceDate "2015.09.14"]
[SourceVersion "1"]
[SourceVersionDate "2015.09.14"]
[SourceQuality "1"]

1. d4 d5 2. c4 e6 3. Nf3 c5 4. cxd5 exd5 5. Nc3 Nc6 6. g3 Nf6 7. Bg2 Be7 8. 0-0 0-0 9. Bg5 Be6 10. e3 c4 11. Ne5 h6 12. Bxf6 Bxf6 13. f4 Ne7 14. g4 b5 15. f5 Bc8 16. Qf3 Bb7 17. Nxb5 Rb8 18. Qf2 Nc6 19. Nxc6 Bxc6 20. Nc3 Re8 21. Rae1 Bh4 22. Qd2 Bxe1 23. Rxe1 Qh4 24. Rf1 Qxg4 25. f6 g5 26. Kh1 Qd7 27. Qe2 Kh7 28. Qc2+ Kh8 29. Qe2 Rg8 30. Qh5 Rg6 31. Rf2 Qe6 32. Qf3 Rd8 33. Qg3 Rd6 34. b3 cxb3 35. axb3 Rxf6 36. Bh3 Qe7 37. Bf5 Bd7 38. Bc2 Rxf2 39. Qxf2 Rf6 40. Qg3 Qa3 41. Ne2 Qa1+ 42. Ng1 Qf1 43. e4 dxe4 44. Bxe4 Qf4 45. Qd3 Bb5 46. Qc2 Re6 47. Bg2 Qxd4 48. Qf5 Re1 0-1

[Event "Heraklion Gazi op 11th"]
[Site "Heraklion"]
[Date "2015.07.26"]
[Round "2"]
[White "Lampadariou, Nikolaos"]
[Black "Markidis, Konstantinos"]
[Result "0-1"]
[WhiteElo "2001"]
[BlackElo "2378"]
[PlyCount "96"]
[EventDate "2015.07.25"]
[EventType "swiss"]
[EventRounds "9"]
[EventCountry "GRE"]
[SourceTitle "CBM 167 Extra"]
[Source "ChessBase"]
[SourceDate "2015.09.14"]
[SourceVersion "1"]
[SourceVersionDate "2015.09.14"]
[SourceQuality "1"]

1. Nf3 Nf6 2. g3 d5 3. d4 e6 4. Bg2 c5 5. c3 Nc6 6. 0-0 Bd7 7. Nbd2 cxd4 8. cxd4 Qb6 9. Qb3 Qa6 10. Qd1 Nb4 11. a3 Rc8 12. Rb1 Na2 13. Qb3 Nxc1 14. Rbxc1 Bd6 15. Rxc8+ Bxc8 16. Rc1 0-0 17. e3 Qa5 18. Qc3 Qxc3 19. Rxc3 Rd8 20. Bf1 Bd7 21. h3 Kf8 22. Ne5 Be8 23. Bd3 g5 24. Ndf3 h6 25. Kf1 Ne4 26. Rc2 f6 27. Ng4 h5 28. Ngh2 a5 29. Bxe4 Bb5+ 30. Kg2 dxe4 31. Nd2 Bd3 32. Rc1 a4 33. Nhf1 b5 34. f3 f5 35. g4 h4 36. gxf5 exf5 37. fxe4 fxe4 38. Nh2 b4 39. Ng4 bxa3 40. bxa3 Bxa3 41. Rc7 Bd6 42. Ra7 Rb8 43. Nf6 Rb2 44. Nh7+ Ke8 45. Nf6+ Kd8 46. Rd7+ Kc8 47. Rxd6 Rxd2+ 48. Kg1 a3 0-1

[Event "Heraklion Gazi op 10th"]
[Site "Heraklion"]
[Date "2014.08.05"]
[Round "8"]
[White "Lampadariou, Nikolaos"]
[Black "Papadakis, Michalis"]
[Result "0-1"]
[WhiteElo "2033"]
[BlackElo "2209"]
[PlyCount "88"]
[EventDate "2014.07.30"]
[EventType "swiss"]
[EventRounds "9"]
[EventCountry "GRE"]
[SourceTitle "EXT 2016"]
[Source "ChessBase"]
[SourceDate "2015.10.08"]
[SourceVersion "1"]
[SourceVersionDate "2015.10.08"]
[SourceQuality "1"]

1. d4 Nf6 2. c4 e6 3. Nc3 Bb4 4. f3 0-0 5. e4 d5 6. e5 Nfd7 7. a3 Bxc3+ 8. bxc3 dxc4 9. Bxc4 Nxe5 10. Bb3 Ng6 11. Ne2 b6 12. 0-0 Bb7 13. Nf4 Nc6 14. Nxg6 hxg6 15. Re1 Na5 16. Bc2 Bd5 17. Qe2 Qd7 18. h4 Rac8 19. Be3 Qc6 20. Qd3 Bb3 21. Bb1 Qd5 22. Qe4 Nc4 23. Qxd5 exd5 24. Bf2 Rfe8 25. Bd3 Na5 26. Rxe8+ Rxe8 27. Re1 Rxe1+ 28. Bxe1 Bc4 29. Bc2 Bb3 30. Bd3 Bc4 31. Bc2 Nb7 32. Bg3 c5 33. Bb8 cxd4 34. cxd4 a5 35. Bc7 b5 36. Kf2 Kf8 37. g4 Ke7 38. g5 b4 39. axb4 axb4 40. Ke3 Nd6 41. Bxd6+ Kxd6 42. f4 Ba2 43. h5 gxh5 44. Bd1 b3 0-1

[Event "Heraklion Gazi op 10th"]
[Site "Heraklion"]
[Date "2014.07.31"]
[Round "2"]
[White "Tsihlis, Ioannis"]
[Black "Lampadariou, Nikolaos"]
[Result "0-1"]
[WhiteElo "1581"]
[BlackElo "2033"]
[PlyCount "86"]
[EventDate "2014.07.30"]
[EventType "swiss"]
[EventRounds "9"]
[EventCountry "GRE"]
[SourceTitle "EXT 2016"]
[Source "ChessBase"]
[SourceDate "2015.10.08"]
[SourceVersion "1"]
[SourceVersionDate "2015.10.08"]
[SourceQuality "1"]

1. d4 Nf6 2. Nf3 g6 3. Bg5 Bg7 4. Nbd2 d6 5. c3 0-0 6. e4 Nbd7 7. Be2 h6 8. Bh4 e5 9. 0-0 a5 10. Qc2 Qe8 11. Rfd1 Nh5 12. Rac1 Nf4 13. Bf1 Nf6 14. dxe5 dxe5 15. Bg3 N6h5 16. Nc4 Bg4 17. Ne3 Bxf3 18. gxf3 c6 19. c4 Ne6 20. Ng4 Nhf4 21. Bxf4 Nxf4 22. Rd6 Qe7 23. Rcd1 Qg5 24. Kh1 h5 25. Ne3 Ne6 26. Ng2 Nd4 27. Qc3 Qe7 28. c5 b5 29. Ne1 Qh4 30. Qe3 Kh7 31. f4 exf4 32. Qh3 Qxf2 33. Nd3 Qc2 34. Rc1 Qd2 35. Bg2 f3 36. Bf1 Rae8 37. Qh4 Qe3 38. Re1 Ne2 39. Qf2 Qxe4 40. Nc1 Bd4 41. Rxd4 Qxd4 42. Qxd4 Nxd4 43. Rxe8 Rxe8 0-1

[Event "Paleros op 2nd"]
[Site "Paleros"]
[Date "2013.08.30"]
[Round "8"]
[White "Roumbeglis, Nikolaos"]
[Black "Lampadariou, Nikolaos"]
[Result "1-0"]
[WhiteElo "2163"]
[BlackElo "2037"]
[PlyCount "59"]
[EventDate "2013.08.24"]
[EventType "swiss"]
[EventRounds "9"]
[EventCountry "GRE"]
[SourceTitle "CBM 156 Extra"]
[Source "ChessBase"]
[SourceDate "2013.10.22"]
[SourceVersion "1"]
[SourceVersionDate "2013.10.22"]
[SourceQuality "1"]

1. Nf3 c5 2. c4 e6 3. g3 Nf6 4. Bg2 Be7 5. 0-0 0-0 6. Nc3 d5 7. cxd5 exd5 8. d4 h6 9. b3 Nc6 10. Bb2 Be6 11. dxc5 Bxc5 12. Na4 Be7 13. Rc1 Rc8 14. Nc5 Bxc5 15. Rxc5 Ne4 16. Rc1 Qd7 17. Nd4 f6 18. Nxe6 Qxe6 19. e3 Rcd8 20. Qe2 a6 21. Rfd1 f5 22. Ba1 Rf7 23. Qb2 Rfd7 24. Bf1 Kh8 25. Qe2 d4 26. exd4 Nxd4 27. Qe3 Nc6 28. Re1 Qd6 29. Rcd1 Qxd1 30. Qxh6+ 1-0

[Event "Gazi op 8th"]
[Site "Gazi"]
[Date "2012.08.05"]
[Round "2"]
[White "Kharitonov, Alexandr"]
[Black "Lampadariou, Nikolaos"]
[Result "1-0"]
[WhiteElo "2539"]
[BlackElo "2042"]
[PlyCount "133"]
[EventDate "2012.08.04"]
[EventType "swiss"]
[EventRounds "9"]
[EventCountry "GRE"]
[SourceTitle "EXT 2024"]
[Source "ChessBase"]
[SourceDate "2023.10.10"]
[SourceVersion "1"]
[SourceVersionDate "2023.10.10"]
[SourceQuality "1"]

1. d4 Nf6 2. c4 g6 3. g3 Bg7 4. Bg2 d6 5. Nc3 0-0 6. Nf3 Nbd7 7. 0-0 c5 8. d5 a6 9. a4 Ng4 10. h3 Nge5 11. Nd2 f5 12. f4 Nf7 13. e4 Nf6 14. exf5 gxf5 15. Re1 b6 16. Qc2 Kh8 17. b3 Rg8 18. Bb2 Qf8 19. Kh2 Ra7 20. Re3 Nh6 21. Rae1 Nh5 22. Ne2 Bf6 23. Bf3 Qg7 24. Bxh5 Bxb2 25. Nc3 Ba3 26. Rg1 Rf8 27. Nf3 Ng8 28. Ng5 Nf6 29. Be2 h6 30. Ne6 Bxe6 31. Rxe6 Bb4 32. Na2 Ne4 33. Bf3 Nc3 34. Nxc3 Bxc3 35. Be2 Bd4 36. Rg2 Rf6 37. Rxf6 Bxf6 38. Qxf5 Ra8 39. Bd3 Rf8 40. Qd7 Rg8 41. Bf5 a5 42. Be6 Rb8 43. Bg4 Qf7 44. Qc7 Qf8 45. Re2 Qd8 46. Qc6 Qe8 47. Qxe8+ Rxe8 48. Bf5 Rb8 49. h4 Kg7 50. Kh3 Rh8 51. Kg4 Rf8 52. Re6 Rg8 53. Kh3 Rh8 54. g4 Kf8 55. Bg6 Kg7 56. Bd3 Kf7 57. Kg3 Rg8 58. g5 hxg5 59. fxg5 Bc3 60. Kg4 Bd2 61. Bh7 Rg7 62. Bf5 Kf8 63. Bg6 Rg8 64. h5 Bc1 65. h6 Bd2 66. Kh5 Bc1 67. Re1 1-0

[Event "Heraklion 3rd op A"]
[Site "Heraklion"]
[Date "2011.09.06"]
[Round "1"]
[White "Fakidis, Antonios"]
[Black "Lampadariou, Nikolaos"]
[Result "0-1"]
[WhiteElo "1100"]
[BlackElo "1845"]
[PlyCount "82"]
[EventDate "2011.09.06"]
[EventType "swiss"]
[EventRounds "7"]
[EventCountry "GRE"]
[SourceTitle "EXT 2024"]
[Source "ChessBase"]
[SourceDate "2023.10.10"]
[SourceVersion "1"]
[SourceVersionDate "2023.10.10"]
[SourceQuality "1"]

1. d4 Nf6 2. Nf3 g6 3. c4 Bg7 4. e3 0-0 5. Nc3 d6 6. Bd3 c5 7. d5 Nbd7 8. 0-0 a6 9. Qc2 Rb8 10. Bd2 Ne8 11. Rfe1 Ne5 12. Be2 Nxf3+ 13. Bxf3 b5 14. b3 b4 15. Rab1 bxc3 16. Bxc3 f5 17. Bxg7 Nxg7 18. Qc3 g5 19. h3 Qe8 20. e4 g4 21. hxg4 fxg4 22. Be2 Qf7 23. Qe3 h5 24. Rf1 e5 25. f3 g3 26. Qg5 Qf4 27. Qxf4 Rxf4 28. Rfc1 h4 29. Bd3 h3 30. Kf1 h2 31. Ke2 Nh5 32. Rh1 Rf7 33. Kf1 Nf4 34. Bc2 Rg7 35. Rb2 Nh3 36. Bb1 Bd7 37. Bd3 a5 38. a4 Nf4 39. Bb1 Bxa4 40. Ra2 Bxb3 41. Rb2 Bxc4+ 0-1